[Event "SVK-chT1E 2425"]
[Site "Slovakia"]
[Date "2024.11.16"]
[Round "1.7"]
[White "Sivcak, Matej"]
[Black "Nayhebaver, Zlata"]
[Result "0-1"]
[WhiteElo "1988"]
[BlackElo "2068"]
[PlyCount "64"]
[EventDate "2024.11.16"]
[EventType "team-tourn"]
[EventRounds "11"]
[EventCountry "SVK"]
[SourceTitle "CB51_2024"]
[SourceDate "2024.12.18"]
[SourceVersion "1"]
[SourceVersionDate "2024.12.18"]
[SourceQuality "1"]
[WhiteTeam "Zákamenne Tatran"]
[BlackTeam "Kosice Slavia UPJS"]
[WhiteTeamCountry "SVK"]
[BlackTeamCountry "SVK"]

1. e4 c5 2. Nf3 Nc6 3. d4 cxd4 4. Nxd4 g6 5. Nxc6 bxc6 6. Qd4 Nf6 7. e5 Nd5 8. Bc4 Qb6 9. c3 Qxd4 10. cxd4 Nb6 11. Bb3 Ba6 12. Nc3 Bg7 13. Be3 Nc4 14. 0-0-0 Nxe3 15. fxe3 0-0 16. Ne4 Rad8 17. Nc5 Bc8 18. Rhf1 d6 19. exd6 exd6 20. Ne4 Bh6 21. Rde1 Kg7 22. Nf6 d5 23. Bd1 Bg5 24. Ng4 Rde8 25. Kd2 Re4 26. Nf2 Rxd4+ 27. Kc2 Rc4+ 28. Kb3 Ba6 29. a3 Rb8+ 30. Ka2 Rc5 31. Rh1 Bf6 32. b3 Rc1 0-1

[Event "SVK-chT2C 2324"]
[Site "Slovakia"]
[Date "2024.02.10"]
[Round "8.8"]
[White "Sivcak, Matej"]
[Black "Gajdosik, Marian"]
[Result "0-1"]
[WhiteElo "1949"]
[BlackElo "1785"]
[PlyCount "68"]
[EventDate "2023.10.07"]
[EventType "team-tourn"]
[EventRounds "11"]
[EventCountry "SVK"]
[SourceTitle "EXT 2025"]
[Source "ChessBase"]
[SourceDate "2024.10.14"]
[SourceVersion "1"]
[SourceVersionDate "2024.10.14"]
[SourceQuality "1"]
[WhiteTeam "Liptov Chess School III"]
[BlackTeam "Banska Bystrica PSK"]
[WhiteTeamCountry "SVK"]
[BlackTeamCountry "SVK"]

1. e4 e5 2. f4 d6 3. Bc4 Qh4+ 4. g3 Qe7 5. d3 Be6 6. Bxe6 Qxe6 7. Nf3 h6 8. 0-0 Nc6 9. c4 Nf6 10. Nc3 Be7 11. Nd5 Bd8 12. b4 Nd4 13. fxe5 Nxf3+ 14. Qxf3 dxe5 15. d4 exd4 16. Bb2 c6 17. Rae1 0-0 18. Nxf6+ Bxf6 19. e5 Be7 20. Qb3 Rad8 21. Rf4 c5 22. bxc5 Bxc5 23. Qd3 Rd7 24. Rfe4 Rfd8 25. Bc1 b5 26. cxb5 Qxa2 27. Rf1 Qe6 28. Kg2 Rd5 29. Rfe1 Bb6 30. Ba3 Rc8 31. Bb4 Rd7 32. R1e2 Qc4 33. Qd2 Qd5 34. Bd6 d3 0-1

[Event "SVK-chT1E 2223"]
[Site "Slovakia"]
[Date "2023.11.25"]
[Round "3.7"]
[White "Stec, Juraj"]
[Black "Sivcak, Matej"]
[Result "1/2-1/2"]
[WhiteElo "1910"]
[BlackElo "1940"]
[PlyCount "63"]
[EventDate "2023.10.21"]
[EventType "team-tourn"]
[EventRounds "11"]
[EventCountry "SVK"]
[SourceTitle "EXT 2025"]
[Source "ChessBase"]
[SourceDate "2024.10.14"]
[SourceVersion "1"]
[SourceVersionDate "2024.10.14"]
[SourceQuality "1"]
[WhiteTeam "Kosice Slavia TU"]
[BlackTeam "Liptov Chess School II"]
[WhiteTeamCountry "SVK"]
[BlackTeamCountry "SVK"]

1. e4 c5 2. Nf3 Nc6 3. Bb5 d6 4. 0-0 Bd7 5. c3 a6 6. Bxc6 Bxc6 7. Re1 d5 8. e5 e6 9. d4 cxd4 10. cxd4 Ne7 11. Bg5 Qb6 12. Bxe7 Bxe7 13. Re2 0-0 14. Rc2 Rac8 15. Nbd2 Bd7 16. Rac1 Rxc2 17. Rxc2 Rc8 18. Rxc8+ Bxc8 19. Qc1 Bd7 20. a3 Qc6 21. Qxc6 Bxc6 22. Kf1 Bb5+ 23. Ke1 Kf8 24. Nb1 Ke8 25. Kd2 Bf1 26. g3 f6 27. Ke3 Bg2 28. Nbd2 Kd7 29. Ne1 Bh3 30. Nd3 Bf5 31. exf6 gxf6 32. f4 1/2-1/2

[Event "SVK-ch U18/20"]
[Site "Liptovsky Mikulas"]
[Date "2019.04.23"]
[Round "1"]
[White "Pechac, Jergus"]
[Black "Sivcak, Matej"]
[Result "1-0"]
[WhiteElo "2464"]
[BlackElo "1901"]
[PlyCount "75"]
[EventDate "2019.04.23"]
[EventType "swiss"]
[EventRounds "9"]
[EventCountry "SVK"]
[SourceTitle "CBM 190 Extra"]
[Source "ChessBase"]
[SourceDate "2019.07.15"]
[SourceVersion "1"]
[SourceVersionDate "2019.07.15"]
[SourceQuality "1"]

1. d4 d5 2. c4 c6 3. Nc3 e6 4. e3 Nf6 5. Nf3 Nbd7 6. Qc2 Bd6 7. Bd3 dxc4 8. Bxc4 b5 9. Bd3 a6 10. e4 e5 11. 0-0 0-0 12. Rd1 Qc7 13. g3 exd4 14. Nxd4 Nc5 15. Be2 Re8 16. Bf3 Be5 17. Nce2 Bxd4 18. Nxd4 Ncxe4 19. Bf4 Qb6 20. Qxc6 Qxc6 21. Nxc6 Bb7 22. Na5 Bd5 23. Bg2 Rac8 24. Be3 Rc2 25. Rac1 Rxc1 26. Rxc1 h6 27. a3 Ng5 28. Bxd5 Nxd5 29. Bxg5 hxg5 30. Rc5 Re1+ 31. Kg2 Re5 32. b4 Kf8 33. Nc6 Re6 34. Nd4 Rd6 35. Rc8+ Ke7 36. Nf5+ Kd7 37. Nxd6 Kxd6 38. Rf8 1-0

[Event "SVK-ch U18/20"]
[Site "Liptovsky Mikulas"]
[Date "2018.04.26"]
[Round "8"]
[White "Mizicka, Matus"]
[Black "Sivcak, Matej"]
[Result "0-1"]
[WhiteElo "1856"]
[BlackElo "1802"]
[PlyCount "52"]
[EventDate "2018.04.21"]
[EventType "swiss"]
[EventRounds "9"]
[EventCountry "SVK"]
[SourceTitle "CBM 184 Extra"]
[Source "ChessBase"]
[SourceDate "2018.06.28"]
[SourceVersion "1"]
[SourceVersionDate "2018.06.28"]
[SourceQuality "1"]

1. e4 b6 2. d4 Bb7 3. Bd3 e6 4. Nf3 Nf6 5. Bg5 h6 6. Bxf6 Qxf6 7. Nbd2 d6 8. Qe2 e5 9. dxe5 dxe5 10. 0-0-0 Nd7 11. Ba6 0-0-0 12. Bxb7+ Kxb7 13. Nc4 Qe6 14. Kb1 Be7 15. Rd2 Bg5 16. Nxg5 hxg5 17. Rhd1 Rxh2 18. Nd6+ cxd6 19. Rxd6 Qe7 20. Qc4 Qxd6 21. Qe2 Qc7 22. c3 Nc5 23. Rf1 Qd6 24. Ka1 Rxg2 25. b4 Na4 26. Qf3 Rxf2 0-1

[Event "SVK-ch U18/20"]
[Site "Liptovsky Mikulas"]
[Date "2018.04.22"]
[Round "2"]
[White "Sivcak, Matej"]
[Black "Podjavorinsky, Michal"]
[Result "0-1"]
[WhiteElo "1802"]
[BlackElo "1919"]
[PlyCount "82"]
[EventDate "2018.04.21"]
[EventType "swiss"]
[EventRounds "9"]
[EventCountry "SVK"]
[SourceTitle "CBM 184 Extra"]
[Source "ChessBase"]
[SourceDate "2018.06.28"]
[SourceVersion "1"]
[SourceVersionDate "2018.06.28"]
[SourceQuality "1"]

1. d4 Nf6 2. e3 g6 3. Nf3 Bg7 4. Bd3 0-0 5. b3 c5 6. Bb2 d5 7. c4 e6 8. Nbd2 cxd4 9. Bxd4 Nc6 10. Bc3 b6 11. 0-0 Ba6 12. Qe2 Rc8 13. Rac1 Re8 14. b4 dxc4 15. Bxc4 Bxc4 16. Nxc4 Qe7 17. Qb2 Red8 18. b5 Nb8 19. Nfe5 Ne8 20. Bb4 Qb7 21. Bc3 f6 22. Nc6 Nxc6 23. bxc6 Qxc6 24. Bb4 Qb7 25. Qb3 Bf8 26. Bc3 Qd5 27. Nd2 Qxb3 28. Nxb3 Ba3 29. Bd2 Bxc1 30. Bxc1 Rc2 31. Nd4 Rxa2 32. Nxe6 Rc8 33. g3 Ra1 34. Bd2 Rxf1+ 35. Kxf1 Nd6 36. Bb4 Nc4 37. Nd4 a5 38. Be1 a4 39. Ke2 a3 40. Nb3 a2 41. Kd1 Na5 0-1

[Event "Oravska Priehrada op"]
[Site "Namestovo"]
[Date "2017.08.26"]
[Round "3"]
[White "Tomcikova, Dominika"]
[Black "Sivcak, Matej"]
[Result "1-0"]
[WhiteElo "1927"]
[BlackElo "1586"]
[PlyCount "55"]
[EventDate "2017.08.25"]
[EventType "swiss"]
[EventRounds "7"]
[EventCountry "SVK"]
[SourceTitle "CBM 180 Extra"]
[Source "ChessBase"]
[SourceDate "2017.10.06"]
[SourceVersion "1"]
[SourceVersionDate "2017.10.06"]
[SourceQuality "1"]

1. e4 e5 2. Nf3 d6 3. d4 Nd7 4. Bc4 c6 5. dxe5 dxe5 6. 0-0 Be7 7. Ng5 Bxg5 8. Qh5 g6 9. Qxg5 Qxg5 10. Bxg5 b5 11. Be2 Bb7 12. Nd2 Ngf6 13. f3 0-0 14. b4 a5 15. a4 bxa4 16. Rxa4 axb4 17. Rxb4 Ba6 18. Nc4 Kg7 19. Rd1 Rfd8 20. Rd6 h6 21. Bxf6+ Nxf6 22. Rxc6 Rd4 23. Bd3 g5 24. h3 Ra7 25. Ra4 Bb5 26. Rxa7 Bxc6 27. Nxe5 Nd7 28. Nxc6 1-0

[Event "Liptovsky Mikulas CupT U20"]
[Site "Liptovsky Mikulas"]
[Date "2017.06.22"]
[Round "2.1"]
[White "Sivcak, Matej"]
[Black "Grimm, Balazs"]
[Result "0-1"]
[WhiteElo "1743"]
[BlackElo "1737"]
[PlyCount "92"]
[EventDate "2017.06.21"]
[EventType "team-swiss"]
[EventRounds "8"]
[EventCountry "SVK"]
[SourceTitle "CBM 179 Extra"]
[Source "ChessBase"]
[SourceDate "2017.08.23"]
[SourceVersion "1"]
[SourceVersionDate "2017.08.23"]
[SourceQuality "1"]
[WhiteTeam "V4 International"]
[BlackTeam "Budapest EAC"]
[BlackTeamCountry "HUN"]

1. b3 d5 2. Bb2 Nc6 3. e3 Nf6 4. Bb5 Bf5 5. f4 Qd7 6. Nf3 Bg4 7. d3 a6 8. Bxc6 Qxc6 9. Nbd2 e6 10. h3 Bxf3 11. Nxf3 Bb4+ 12. Kf2 0-0-0 13. Ne5 Qe8 14. g4 Rg8 15. g5 Nd7 16. Qh5 Nxe5 17. Bxe5 Qc6 18. Qxf7 Rgf8 19. Qxg7 Rd7 20. Qh6 Qxc2+ 21. Kf3 Qxd3 22. Qxe6 Qe4+ 23. Kf2 Bd2 24. Qg4 Qxe5 25. Qf3 Qf5 26. Rad1 Ba5 27. h4 d4 28. exd4 Qxf4 29. Qxf4 Rxf4+ 30. Ke3 Rg4 31. Kf3 Rgxd4 32. Rxd4 Rxd4 33. h5 Rd7 34. Ke4 Bc3 35. g6 hxg6 36. hxg6 Rg7 37. Kf5 Kd7 38. Rd1+ Ke7 39. Rc1 Ba5 40. b4 Bb6 41. a4 Kd6 42. Rh1 Kd5 43. Rh4 Bd4 44. Rg4 Re7 45. Kf4 Re4+ 46. Kf5 Rxg4 0-1

[Event "Oravska Priehrada op"]
[Site "Oravska Priehrada"]
[Date "2016.08.27"]
[Round "2"]
[White "Piovar, Jaroslav"]
[Black "Sivcak, Matej"]
[Result "1-0"]
[WhiteElo "1609"]
[BlackElo "1400"]
[PlyCount "87"]
[EventDate "2016.08.26"]
[EventType "swiss"]
[EventRounds "7"]
[EventCountry "SVK"]
[SourceTitle "CBM 174 Extra"]
[Source "ChessBase"]
[SourceDate "2016.10.10"]
[SourceVersion "1"]
[SourceVersionDate "2016.10.10"]
[SourceQuality "1"]

1. d4 d5 2. c4 c6 3. Nf3 e6 4. Nc3 Nf6 5. e3 Bd6 6. Bd3 Nbd7 7. 0-0 0-0 8. Re1 dxc4 9. Bxc4 b5 10. Bd3 b4 11. Ne2 c5 12. b3 Bb7 13. Ng3 cxd4 14. Nxd4 Qb6 15. Bb2 Rac8 16. Qd2 Rfd8 17. Rac1 Bxg3 18. hxg3 Nc5 19. f4 Nfe4 20. Bxe4 Nxe4 21. Qe2 Nc3 22. Qg4 e5 23. Nf5 Qf6 24. a3 Rd2 25. Bxc3 Rxg2+ 26. Kf1 Rxc3 27. Rxc3 bxc3 28. fxe5 Qxe5 29. Nh6+ Kf8 30. Qb4+ Qe7 31. Qxc3 Qe4 32. Qc5+ Ke8 33. Qb5+ Bc6 34. Qb8+ Ke7 35. Ng8+ Ke6 36. Qc8+ Bd7 37. Qa6+ Bc6 38. Qc8+ Bd7 39. Qa6+ Bc6 40. Qc8+ Ke5 41. Qc7+ Ke6 42. Qe7+ Kf5 43. Qxe4+ Bxe4 44. Ne7+ 1-0

[Event "SVK-ch U14"]
[Site "Tatralandia"]
[Date "2015.04.24"]
[Round "8"]
[White "Drab, Matus"]
[Black "Sivcak, Matej"]
[Result "0-1"]
[WhiteElo "1124"]
[BlackElo "1000"]
[PlyCount "120"]
[EventDate "2015.04.18"]
[EventType "swiss"]
[EventRounds "9"]
[EventCountry "SVK"]
[SourceTitle "CBM 166 Extra"]
[Source "ChessBase"]
[SourceDate "2015.06.18"]
[SourceVersion "1"]
[SourceVersionDate "2015.06.18"]
[SourceQuality "1"]

1. d4 d5 2. Nc3 Bf5 3. Bf4 a6 4. Nf3 Nc6 5. e3 e6 6. Bd3 Bg6 7. Bxg6 hxg6 8. 0-0 Bd6 9. Re1 Nf6 10. Qd2 Bb4 11. a3 Ne4 12. Qd3 Bxc3 13. bxc3 0-0 14. c4 Re8 15. cxd5 exd5 16. Rad1 b5 17. Nd2 Na5 18. Nxe4 dxe4 19. Qc3 Nc4 20. Rb1 Rb8 21. Rb3 Rb7 22. Reb1 Qd5 23. a4 Rc8 24. Qb4 c5 25. Qc3 cxd4 26. Qxd4 Qxd4 27. exd4 Rd8 28. c3 Rd5 29. Kf1 Rf5 30. g3 e3 31. fxe3 Nd2+ 32. Ke2 Nxb3 33. e4 Nxd4+ 34. cxd4 Rf6 35. Bg5 Rc6 36. Kd3 Rbc7 37. axb5 axb5 38. Bf4 Rc3+ 39. Ke2 Rc2+ 40. Bd2 Ra7 41. Kd3 Raa2 42. Bc3 Rxh2 43. Rxb5 Rhg2 44. Be1 Ra3+ 45. Kc4 Re2 46. Rb1 Rxe4 47. Bc3 Re8 48. Rb5 Re3 49. Bb2 Ra8 50. Rg5 Rc8+ 51. Kb5 Rb8+ 52. Kc6 Rxb2 53. d5 Rc3+ 54. Kd7 Rd2 55. d6 Rcd3 56. Re5 Rxd6+ 57. Kc7 R6d3 58. Re8+ Kh7 59. Re4 Rc3+ 60. Kb6 Rb2+ 0-1

[Event "SVK-ch U14"]
[Site "Tatralandia"]
[Date "2015.04.20"]
[Round "4"]
[White "Bielik, Jakub"]
[Black "Sivcak, Matej"]
[Result "0-1"]
[WhiteElo "1409"]
[BlackElo "1000"]
[PlyCount "74"]
[EventDate "2015.04.18"]
[EventType "swiss"]
[EventRounds "9"]
[EventCountry "SVK"]
[SourceTitle "CBM 166 Extra"]
[Source "ChessBase"]
[SourceDate "2015.06.18"]
[SourceVersion "1"]
[SourceVersionDate "2015.06.18"]
[SourceQuality "1"]

1. e4 e5 2. Nf3 Nc6 3. d4 exd4 4. Nxd4 Nxd4 5. Qxd4 c5 6. Qd1 b6 7. Bc4 Bb7 8. 0-0 g6 9. Bf4 Bg7 10. e5 Nh6 11. Nc3 0-0 12. Nb5 Nf5 13. Nd6 Nxd6 14. Qxd6 Bc6 15. Rad1 Re8 16. Rfe1 Qh4 17. e6 fxe6 18. Bxe6+ dxe6 19. g3 Qe7 20. Qxc6 e5 21. Rd7 Qe6 22. Qc7 Bf6 23. Rxh7 Rac8 24. Qxa7 Ra8 25. Qc7 Rac8 26. Qd7 Qxd7 27. Rxd7 exf4 28. Red1 f3 29. R7d6 Red8 30. h4 Kf7 31. Rd7+ Rxd7 32. Rxd7+ Ke6 33. Rd3 Ra8 34. Rb3 Rxa2 35. Rxb6+ Kf5 36. c3 Kg4 37. Rxf6 Kh3 0-1